000 00379nam a2200157Ia 4500
008 230711s9999||||xx |||||||||||||| ||und||
041 _aENG
082 _a620
_bCH-Q
100 _aChatwal, G.R.
245 0 _aPhysics : quantum mechanics
250 _a3rd Ed.
260 _c1991
_aBombay
_bHimalaya Publishing House
650 _aPhysics
700 _aS.K.Anand  
942 _cBK
999 _c1965
_d1965